| 000 | 00518nam a22001697a 4500 | ||
|---|---|---|---|
| 003 | PILC | ||
| 005 | 20160307123439.0 | ||
| 008 | 160307b xxu||||| |||| 00| 0 eng d | ||
| 020 | _a9789710167395 | ||
| 050 |
_aPN 4121 _b.Se443 2014 |
||
| 100 | _aSebastian, Evelyn L. | ||
| 245 |
_aOral communication / _cEvelyn L. Sebastian, Risa P. Asuncion. |
||
| 260 |
_aQuezon City : _bMaxCor Publishing, Inc., _c2014. |
||
| 300 |
_a161 pages ; _c24 cm. |
||
| 500 | _aIncludes bibliographical references. | ||
| 942 |
_2lcc _cBK _kLOC |
||
| 999 |
_c291463 _d291463 |
||